000 00881nam a2200253Ia 4500
003 OSt
005 20221005113312.0
006 a|||||r|||| 00| 0
007 ta
008 221004b |||||||| |||| 00| 0 pan d
020 _a8173809577 (hbk)
_c580
024 _a5419
037 _b726, 26/06/2013, H.K. Prakashan
_cTextual
040 _aCRL
_cCRL
_bpan
041 _2pan
_apan
082 _aP, 153P5
100 _aਲਾਇਨਗ਼, ਜੌਨ
245 0 _aਭਾFਾ ਅਤੇ ਭਾFਾ ਵਿਗਿਆਨ ਮੁਢਲੀ ਜਾਣਕਾਰੀ
260 _aਪਟਿਆਲਾ
_bਪੰਜਾਬੀ ਯੂਨੀਵਰਸਿਟੀ ਭਾਰਤ
_c2005
300 _a325ਪੰ
_ccm.
650 _aਪੰਜਾਬੀ ਭਾFਾ
942 _hP, 153P5
_cTEXL
_2cc
999 _c1027724
_d1027724